60 Second Blitz: US Presidents in Reverse Quiz Stats

 Plays Quiz Updated Nov 8, 2018

Challenge
Share
Tweet
Embed
Score 0/45 Timer 01:00
1 Play Today
Number President % Correct
????
100%
????
99.8%
????
99.2%
????
98.6%
????
98.1%
????
95.9%
????
93.7%
????
91.1%
????
90%
????
87.1%
????
86.1%
????
82.7%
????
79.9%
????
78%
????
73.4%
????
68.6%
????
62.4%
????
59.5%
????
56.6%
????
54.4%
????
50.9%
????
46.6%
????
42.7%
Number President % Correct
????
40.9%
????
37.7%
????
34.9%
????
32.9%
????
31.5%
????
29.8%
????
28.6%
????
26.6%
????
24.5%
????
22.3%
????
20.2%
????
18.8%
????
17.5%
????
15.6%
????
13.8%
????
12.4%
????
10.9%
????
9.4%
????
8.3%
????
6.8%
????
6%
????
4.7%

You're not logged in!

Compare scores with friends on all Sporcle quizzes.
OR
Log In

You Might Also Like...

Show Comments

Extras

Top Quizzes Today


Score Distribution

Your Account Isn't Verified!

In order to create a playlist on Sporcle, you need to verify the email address you used during registration. Go to your Sporcle Settings to finish the process.

Report this User

Report this user for behavior that violates our Community Guidelines.

Details: